[Event "65th ch-RUS HL w 2015"]
[Site "Kaliningrad RUS"]
[Date "2015.06.30"]
[Round "8.2"]
[White "Balaian, Alina"]
[Black "Guseva, Marina"]
[Result "0-1"]
[WhiteTitle "WIM"]
[BlackTitle "IM"]
[WhiteElo "2261"]
[BlackElo "2410"]
[WhiteFideId "24115347"]
[BlackFideId "4149351"]
[EventDate "2015.06.22"]

1. e4 c6 2. Nc3 d5 3. Nf3 Bg4 4. h3 Bxf3 5. Qxf3 e6 6. d3 Nd7 7. Bd2 Bc5 8.
O-O-O Qf6 9. Qxf6 Ngxf6 10. f4 h5 11. g3 Bf2 12. e5 Ng8 13. Ne2 Ne7 14. Bg2 Nf5
15. g4 Ne3 16. Bxe3 Bxe3+ 17. Kb1 g5 18. d4 gxf4 19. gxh5 Ke7 20. Rdf1 Rag8 21.
Rh2 Rxh5 22. h4 f6 23. Bf3 Rh6 24. exf6+ Rxf6 25. c3 e5 26. dxe5 Nxe5 27. Kc2
Kd6 28. b3 c5 29. Rh3 Nxf3 30. Rhxf3 Ke5 31. Kd3 Rg2 32. Re1 c4+ 33. bxc4 dxc4+
34. Kxc4 Bd2 35. Nxf4+ Bxe1 36. Nxg2 Rxf3 37. Nxe1 Rh3 38. Nc2 Rxh4+ 39. Nd4 Kd6
40. a4 a6 41. Kb3 Kd5 42. Nc2 Kc5 43. Nb4 Rh3 44. Nc2 Rh1 45. Na3 Rh4 46. Nc2
Kb6 47. Nb4 Ka5 48. Ka3 Rh1 49. Kb3 Rb1+ 50. Ka3 Ra1+ 51. Kb3 Rxa4 52. Nd3 Rh4
53. Ne5 Kb5 54. Nd3 a5 55. Nb2 a4+ 56. Ka3 Ka5 57. Nd1 b5 58. Kb2 Rh2+ 59. Ka3
Rc2 60. Nb2 Rxc3+ 61. Ka2 Rc2 62. Ka3 b4+ 63. Ka2 a3 64. Ka1 axb2+ 0-1

[Event "65th ch-RUS HL w 2015"]
[Site "Kaliningrad RUS"]
[Date "2015.06.30"]
[Round "8.3"]
[White "Kashlinskaya, Alina"]
[Black "Drogovoz, Irina"]
[Result "1-0"]
[WhiteTitle "IM"]
[WhiteElo "2432"]
[BlackElo "2187"]
[WhiteFideId "4198026"]
[BlackFideId "4176715"]
[EventDate "2015.06.22"]

1. d4 Nf6 2. c4 g6 3. Nf3 c6 4. Nc3 d5 5. e3 Bg7 6. Bd3 O-O 7. O-O c5 8. dxc5
dxc4 9. Bxc4 Nfd7 10. Na4 Qc7 11. Qc2 e6 12. Bd3 Nc6 13. Bd2 Nde5 14. Nxe5 Nxe5
15. Be2 Bd7 16. b4 h5 17. h3 b5 18. Nc3 Qb7 19. Ne4 Qd5 20. Nd6 Nc4 21. Bxc4
bxc4 22. Bc3 Bxc3 23. Qxc3 a5 24. b5 f5 25. Qa3 f4 26. Rad1 Qg5 27. exf4 Rxf4
28. c6 Be8 29. Qe3 Qf6 30. c7 1-0

[Event "65th ch-RUS HL w 2015"]
[Site "Kaliningrad RUS"]
[Date "2015.06.30"]
[Round "8.4"]
[White "Styazhkina, Anna"]
[Black "Bodnaruk, Anastasia"]
[Result "0-1"]
[WhiteTitle "WIM"]
[BlackTitle "IM"]
[WhiteElo "2214"]
[BlackElo "2428"]
[WhiteFideId "24119300"]
[BlackFideId "4181751"]
[EventDate "2015.06.22"]

1. e4 d6 2. d4 g6 3. Nc3 Bg7 4. Be3 a6 5. f4 b5 6. Bd3 b4 7. Nce2 Nf6 8. Nf3 Bb7
9. Ng3 Nbd7 10. e5 Nd5 11. Bd2 dxe5 12. fxe5 Nf8 13. c4 bxc3 14. bxc3 Nb6 15.
O-O Ne6 16. Ne4 O-O 17. Qe2 f6 18. Kh1 Nd5 19. Bc4 Kh8 20. Rab1 Bc6 21. Qe1 Qd7
22. Qh4 Ndf4 23. Rbe1 g5 24. Qg3 Bd5 25. Bxd5 Qxd5 26. Bxf4 Nxf4 27. h4 Nd3 28.
Re3 f5 29. c4 Qg8 30. Nfxg5 f4 31. Qh3 fxe3 32. Rxf8 Qxf8 33. Ne6 Qf1+ 34. Kh2
e2 35. Qg4 Rg8 0-1

[Event "65th ch-RUS HL w 2015"]
[Site "Kaliningrad RUS"]
[Date "2015.06.30"]
[Round "8.5"]
[White "Kovanova, Baira"]
[Black "Gritsayeva, Oksana"]
[Result "0-1"]
[WhiteTitle "WGM"]
[BlackTitle "WFM"]
[WhiteElo "2388"]
[BlackElo "2321"]
[WhiteFideId "4164083"]
[BlackFideId "14104652"]
[EventDate "2015.06.22"]

1. e4 Nf6 2. e5 Nd5 3. d4 d6 4. Nf3 dxe5 5. dxe5 Bg4 6. h3 Bxf3 7. Qxf3 e6 8. a3
c6 9. Qg3 Nd7 10. Nd2 Ne7 11. Ne4 Ng6 12. f4 Nc5 13. Nc3 Qh4 14. Qxh4 Nxh4 15.
Be3 Nd7 16. Ne4 Nb6 17. O-O-O Be7 18. Bf2 Rd8 19. Rxd8+ Kxd8 20. c4 Kc7 21. Nd6
Rf8 22. g3 Nf5 23. Bd3 g6 24. g4 Nxd6 25. exd6+ Bxd6 26. f5 Nd7 27. Kc2 exf5 28.
gxf5 Re8 29. h4 a5 30. Rf1 b6 31. Bg1 Ne5 32. Be2 c5 33. Kc3 Nc6 34. Bf3 Be5+
35. Kc2 Nd4+ 36. Bxd4 Bxd4 37. Bd5 f6 38. Bf7 Re2+ 39. Kd3 Rxb2 40. fxg6 hxg6
41. Bxg6 Rb3+ 42. Ke4 Rxa3 43. Rh1 a4 44. h5 f5+ 45. Bxf5 Re3+ 46. Kf4 a3 47.
Rh2 Re1 48. Ra2 Bb2 49. h6 Rh1 50. h7 b5 51. cxb5 c4 52. Kg5 Kb6 53. Be4 Rh2 54.
Bg6 Rg2+ 55. Kf5 Rf2+ 56. Ke4 Rf8 57. Ke3 Kxb5 58. Bf7 Rh8 59. Bg6 Kb4 60. Kf4
Kb3 61. Bb1 c3 0-1

[Event "65th ch-RUS HL w 2015"]
[Site "Kaliningrad RUS"]
[Date "2015.06.30"]
[Round "8.6"]
[White "Pustovoitova, Daria"]
[Black "Kovalevskaya, Ekaterina"]
[Result "0-1"]
[WhiteTitle "FM"]
[BlackTitle "IM"]
[WhiteElo "2351"]
[BlackElo "2461"]
[WhiteFideId "4182146"]
[BlackFideId "4116704"]
[EventDate "2015.06.22"]

1. e4 c5 2. Nf3 Nc6 3. Bb5 d6 4. O-O Bd7 5. Re1 Nf6 6. c3 a6 7. Ba4 b5 8. Bc2 e5
9. d4 cxd4 10. cxd4 Bg4 11. Be3 exd4 12. Bxd4 Bxf3 13. gxf3 Nxd4 14. Qxd4 Be7
15. a4 O-O 16. axb5 axb5 17. Nc3 Rc8 18. Bb3 Nd7 19. Nd5 Nc5 20. Bd1 Ne6 21. Qd2
Bg5 22. Qd3 Bf4 23. Qf1 Be5 24. Ra7 Rc1 25. Ne7+ Kh8 26. f4 Nxf4 27. Qxb5 Bd4
28. Rd7 Qb8 29. Rb7 Qa8 30. Rf1 Rc5 31. Qb3 Rg5+ 32. Kh1 Ne6 33. Qb4 Bc5 34. Qb5
Nd4 35. Qd7 Qa6 36. Rg1 Rxg1+ 37. Kxg1 Ne6 38. Qb5 Qa1 39. Qb3 Qc1 40. Nd5 h6
41. Qd3 Bxf2+ 42. Kg2 Nc5 43. Qc2 Qxc2 44. Bxc2 Nxb7 45. Kxf2 Ra8 46. Nc3 Rb8 0-1

[Event "65th ch-RUS HL w 2015"]
[Site "Kaliningrad RUS"]
[Date "2015.06.30"]
[Round "8.7"]
[White "Bivol, Alina"]
[Black "Belenkaya, Dina"]
[Result "0-1"]
[WhiteTitle "WIM"]
[BlackTitle "WFM"]
[WhiteElo "2354"]
[BlackElo "2213"]
[WhiteFideId "4100123"]
[BlackFideId "24142654"]
[EventDate "2015.06.22"]

1. e4 c6 2. Nc3 d5 3. Qe2 d4 4. Nd1 e5 5. g3 Nf6 6. f4 Bg4 7. Nf3 exf4 8. gxf4
Na6 9. a3 d3 10. Qg2 dxc2 11. Nf2 Bxf3 12. Qxf3 Bc5 13. e5 Bxf2+ 14. Qxf2 Ne4
15. Qf3 Qh4+ 16. Ke2 Nac5 17. Ke3 g5 18. Bc4 b5 19. b4 Qxf4+ 20. Qxf4 gxf4+ 21.
Kf3 bxc4 22. bxc5 Nxc5 23. Ra2 Nd3 24. Rxc2 Rb8 25. Rg1 Rb5 26. Ke4 Rxe5+ 27.
Kd4 f3 28. Rf1 f2 29. Rxf2 c5+ 30. Kxc4 Nxf2 31. Bb2 Re4+ 32. Kd5 Rg8 33. d4
Rg5+ 34. Kd6 Re6+ 35. Kc7 Nd3 0-1

[Event "65th ch-RUS HL w 2015"]
[Site "Kaliningrad RUS"]
[Date "2015.06.30"]
[Round "8.8"]
[White "Ovod, Evgenija"]
[Black "Mirzoeva, Elmira"]
[Result "1-0"]
[WhiteTitle "IM"]
[BlackTitle "WGM"]
[WhiteElo "2313"]
[BlackElo "2233"]
[WhiteFideId "4131827"]
[BlackFideId "4127951"]
[EventDate "2015.06.22"]

1. c4 c6 2. Nf3 d5 3. e3 Nf6 4. Nc3 e6 5. b3 Bd6 6. Qc2 O-O 7. Bb2 e5 8. cxd5
cxd5 9. Nb5 Nc6 10. Nxd6 Qxd6 11. d4 Nb4 12. Qd1 e4 13. Ne5 Ne8 14. a3 Na6 15.
f4 Qb6 16. Be2 Nd6 17. Rc1 Nf5 18. Rc3 f6 19. Ng4 Bd7 20. b4 Bb5 21. Qb3 Rfd8
22. Nf2 Bxe2 23. Kxe2 Qb5+ 24. Kd2 Nd6 25. Rb1 Rac8 26. Ke1 Nc4 27. Bc1 Qe8 28.
b5 Nc7 29. a4 a6 30. bxa6 bxa6 31. Qc2 f5 32. g4 g6 33. gxf5 gxf5 34. Nh1 Qg6
35. Kf1 Kh8 36. Ng3 Ne8 37. Qe2 Nf6 38. Ba3 Rg8 39. Bc5 Ng4 40. Rb7 h5 41. Ke1
Rb8 42. Rcb3 Rxb7 43. Rxb7 Ngxe3 44. Be7 Ng4 45. h3 h4 46. hxg4 hxg3 47. gxf5 g2
48. Bf6+ Rg7 49. Rb8+ Kh7 50. fxg6+ Kxg6 51. Qxg2+ Kxf6 52. Rf8+ Rf7 53. Qg5+ 1-0

[Event "65th ch-RUS HL w 2015"]
[Site "Kaliningrad RUS"]
[Date "2015.06.30"]
[Round "8.9"]
[White "Charochkina, Daria"]
[Black "Protopopova, Anastasiya"]
[Result "1-0"]
[WhiteTitle "IM"]
[BlackTitle "WFM"]
[WhiteElo "2398"]
[BlackElo "2100"]
[WhiteFideId "4180917"]
[BlackFideId "24172073"]
[EventDate "2015.06.22"]

1. Nf3 Nf6 2. c4 e6 3. g3 d5 4. Bg2 c6 5. Qc2 Be7 6. O-O O-O 7. b3 a5 8. a3 Nbd7
9. Bb2 a4 10. b4 c5 11. b5 dxc4 12. Qxc4 Nb6 13. Qc2 Bd7 14. Nc3 Nfd5 15. Rab1
Qe8 16. Ba1 f6 17. Qa2 c4 18. Nxd5 exd5 19. d3 Bc5 20. Nd4 Qf7 21. e4 dxe4 22.
dxe4 Rfd8 23. Bc3 Bg4 24. Qb2 Qe7 25. Ra1 Rd7 26. Nc2 Rd3 27. Nb4 Rd7 28. Rfe1
Be6 29. Kh1 Rad8 30. f4 Bd4 31. Nd5 Nxd5 32. exd5 Rxd5 33. Bxd4 Rxd4 34. Qe2
R8d6 35. f5 Rd2 36. Qe4 R2d4 37. Qf3 Rd3 38. Qf1 1-0

[Event "65th ch-RUS HL w 2015"]
[Site "Kaliningrad RUS"]
[Date "2015.06.30"]
[Round "8.10"]
[White "Tomilova, Elena"]
[Black "Shaydullina, Sandugach"]
[Result "1-0"]
[WhiteTitle "WIM"]
[BlackTitle "WGM"]
[WhiteElo "2329"]
[BlackElo "2124"]
[WhiteFideId "4162340"]
[BlackFideId "4140389"]
[EventDate "2015.06.22"]

1. Nf3 d5 2. g3 g6 3. Bg2 Bg7 4. d4 Nd7 5. c4 dxc4 6. Na3 Nb6 7. Nxc4 Nxc4 8.
Qa4+ c6 9. Qxc4 Be6 10. Qd3 Bf5 11. e4 Bg4 12. Be3 Qa5+ 13. Qc3 Qa6 14. Bf1 Qb6
15. Ne5 Nf6 16. f3 Bc8 17. Bc4 O-O 18. O-O Nd7 19. Ng4 e6 20. Qd2 h5 21. Nf2 Qc7
22. f4 Nb6 23. Bb3 Rd8 24. Rac1 Qe7 25. Qc3 Bd7 26. Nd3 Be8 27. Rfd1 Kh7 28. Nc5
Nc8 29. e5 Nb6 30. Qe1 Nd5 31. Bf2 a5 32. a3 b6 33. Ne4 f5 34. exf6 Bxf6 35. Rc2
a4 36. Ba2 Bd7 37. Rdc1 Qg7 38. Rd1 Be7 39. Bb1 Re8 40. Qf1 Rad8 41. Re1 Rf8 42.
Qg2 Kg8 43. Rce2 Bc8 44. Bc2 Ba6 45. Rd2 Bb5 46. Qh3 Nc7 47. Nc3 Bf6 48. Red1
Rfe8 49. Nxa4 Nd5 50. Nc3 Nxc3 51. bxc3 Ra8 52. Bb3 Rxa3 53. Bxe6+ Kh8 54. c4
Ba4 55. Rb1 b5 56. f5 Bg5 57. Re2 Rf3 58. Rbe1 bxc4 59. fxg6 Qh6 60. d5 cxd5 61.
Bxd5 Rxe2 62. Qc8+ Be8 63. Rxe2 Re3 64. Rxe3 Bxe3 65. Qxe8+ Kg7 66. Qf7+ Kh8 67.
Qg8# 1-0

[Event "65th ch-RUS HL w 2015"]
[Site "Kaliningrad RUS"]
[Date "2015.06.30"]
[Round "8.11"]
[White "Rodionova, Daria"]
[Black "Maltsevskaya, Aleksandra"]
[Result "1-0"]
[WhiteTitle "WFM"]
[WhiteElo "2223"]
[BlackElo "2129"]
[WhiteFideId "24136638"]
[BlackFideId "24174041"]
[EventDate "2015.06.22"]

1. e4 c5 2. Nf3 e6 3. d4 cxd4 4. Nxd4 Nc6 5. Nc3 a6 6. Nxc6 bxc6 7. Bd3 d5 8.
O-O Nf6 9. Re1 Be7 10. e5 Nd7 11. Qg4 Kf8 12. Na4 c5 13. c4 d4 14. b4 cxb4 15.
Qxd4 Qa5 16. Be4 Rb8 17. Bc6 Nc5 18. Bg5 Nb7 19. Bxe7+ Kxe7 20. Nb6 Qc5 21. Qh4+
Kf8 22. Nxc8 Qxc6 23. Qe7+ Kg8 24. Nd6 Nxd6 25. exd6 Re8 26. Qa7 Qxd6 27. Rad1
Qc6 28. Rd7 Ra8 29. Red1 h6 30. Qd4 Kh7 31. Rxf7 Rhg8 32. Qd3+ Kh8 33. h3 Rac8
34. Qg3 Qxc4 35. Rdd7 Qc1+ 36. Kh2 Qg5 37. Qd6 e5 38. Qxb4 Rc2 39. Qa4 Rc1 40.
Qxa6 Ra1 41. Qe6 Re1 42. Rde7 Qc1 43. Qg4 Rh1+ 44. Kg3 Qc3+ 45. Kh4 Qc6 46. Kh5
Rg1 47. Rxg7 1-0

[Event "65th ch-RUS HL w 2015"]
[Site "Kaliningrad RUS"]
[Date "2015.06.30"]
[Round "8.12"]
[White "Chkhan, Viktoria"]
[Black "Khokhlova, Daria"]
[Result "1/2-1/2"]
[WhiteElo "2148"]
[BlackElo "2160"]
[WhiteFideId "4123107"]
[BlackFideId "24182729"]
[EventDate "2015.06.22"]

1. d4 f5 2. e4 fxe4 3. Nc3 Nf6 4. Bg5 e6 5. Nxe4 Be7 6. Bd3 Nxe4 7. Bxe7 Qxe7 8.
Bxe4 O-O 9. Qd3 g6 10. O-O-O Nc6 11. c3 d5 12. Bf3 Bd7 13. h4 b5 14. Re1 Qf6 15.
Ne2 b4 16. c4 Ne7 17. c5 Rab8 18. h5 Qg5+ 19. Qe3 Qxe3+ 20. fxe3 g5 21. h6 Kh8
22. Rh5 Rg8 23. Ng3 Rbf8 24. Bg4 Nf5 25. Nxf5 exf5 26. Bf3 c6 27. Kd2 a5 28. Bd1
Rf6 29. Rf1 Be8 30. Rhh1 Rgf8 31. Rf2 f4 32. Rhf1 Rxh6 33. exf4 gxf4 34. Rxf4
Rxf4 35. Rxf4 Kg7 36. Bg4 Rg6 37. Ke3 h5 38. Bh3 Bf7 39. Rh4 Rf6 40. Rf4 Rg6 41.
Kf3 1/2-1/2